000 00329pab a2200145 454500
008 180718b1998 xxu||||| |||| 00| 0 eng d
100 _aAbraham, Itty
245 _aNuclear power and human security
260 _c1998
300 _ap.20-24
362 _aAug
650 _aNuclear weapons
773 _aSeminar
909 _a38241
999 _c38241
_d38241